| 000 | 00445nam a22001457a 4500 | ||
|---|---|---|---|
| 082 |
_a351.00725691 _bPLA _cL-27, P-61 |
||
| 110 |
_aPlanning Comission Govt of Pakistan _937882 |
||
| 245 |
_aThe Five year Plan _cPlanning Comission Govt of Pakistan |
||
| 250 | _aL-27, P-61 | ||
| 260 |
_aKarachi _bManager of Publication Karachi _c1965 |
||
| 300 | _a32 p.: | ||
| 526 |
_a0 _b0 _c0 _d351_007256910000000_PLA |
||
| 650 |
_aMCE _9379 |
||
| 942 |
_2ddc _cBK |
||
| 999 |
_c542632 _d542632 |
||